01540nam a2200313Ia 4500001000400000003000400004005001700008008004100025020001800066040000800084041000900092082001600101100002500117240002600142245011600168250001000284260003800294300001500332440003100347520069400378650002501072650001901097650001301116650001201129650001701141655001201158655001601170700004001186304OSt20250528074017.0200929b ||||| |||| 00| 1 por d a9788576831303 bpor apor  a028.5bK64d1 aKinney, Jeff,d1971- aDiary of a wimpy kid. aDiário de um bananab: as memórias de Greg Heffleyc/ Kinney, Jeff ; tradução Antonio de Macedo Soares. a2.ed. aSão PaulobVergara & Ribac2008 a217p.bil. 0aDiário de um bananavv.1 aNão é fácil ser criança. E ninguém sabe disso melhor do que Greg Heffley, que se vê mergulhado no mundo do ensino fundamental, onde fracotes são obrigados a dividir os corredores com garotos mais altos, mais malvados e que já se barbeiam. Em Diário de um Banana, o autor e ilustrador Jeff Kinney nos apresenta um herói improvável. Como Greg diz em seu diário: Só não espere que seja todo “Querido Diário” isso, “Querido Diário” aquilo. Para nossa sorte, o que Greg Heffley diz que fará e o que ele realmente faz são duas coisas bem diferentes. Em Diário de um Banana, o autor e ilustrados Jeff Kinney nos apresenta um herói improvável. 0aLiteratura Americana 0aInfantojuvenil 0aDiário 0aAmizade 0aVida escolar 0aRomance 0aFicção 1 aSoares, Antonio de MacedoeTRADUTOR